[Event "17th TCh-RUS Higher League"]
[Site "Dagomys RUS"]
[Date "2010.04.06"]
[Round "5"]
[White "Perekhodkin,V"]
[Black "Pakhomov,E"]
[Result "0-1"]
[WhiteElo "2227"]
[BlackElo "2381"]

1.d4 Nf6 2.Nf3 g6 3.c4 Bg7 4.Nc3 O-O 5.e4 d6 6.Be2 e5 7.dxe5 dxe5 8.Qxd8 Rxd8
9.Bg5 Nbd7 10.Rd1 Rf8 11.Nd5 c6 12.Ne7+ Kh8 13.Nd2 Nc5 14.Nxc8 Rfxc8 15.f3 a5
16.Nb3 Ne6 17.Be3 Bf8 18.a4 b6 19.g4 Bc5 20.Nxc5 bxc5 21.g5 Nh5 22.Rd7 Kg7
23.Bd2 Nd4 24.Bc3 Nf4 25.Bd1 Nh3 26.Re7 Nf4 27.Kf2 Kf8 28.Rb7 Nh3+ 29.Ke3 Nxg5
30.h4 Nge6 31.h5 g5 32.Be2 Nd8 33.Rb6 h6 34.Bf1 Ke7 35.Bh3 Rc7 36.Bg4 Kd6
37.Kd3 Rca7 38.Rh2 Nb7 39.Rd2 Kc7 40.Bxd4 cxd4 41.Rb3 Nc5+ 42.Kc2 Nxa4 43.Ra3 Nc5
44.Rd1 Rb7 45.b3 a4 46.bxa4 Rxa4 47.Rda1 Rxc4+ 48.Kd1 Rcb4 49.Ra8 Rb1+ 50.Rxb1 Rxb1+
51.Kc2 Rb8 52.Ra7+ Nb7 53.Ra1 c5 54.Kd3 Nd6 55.Ra7+ Rb7 56.Ra8 c4+ 57.Kc2 c3
58.Rh8 Rb2+ 59.Kc1 d3  0-1

[Event "17th TCh-RUS Higher League"]
[Site "Dagomys RUS"]
[Date "2010.04.06"]
[Round "5"]
[White "Ovod,E"]
[Black "Gorovykh,E"]
[Result "1/2-1/2"]
[WhiteElo "2421"]
[BlackElo "2446"]

1.d4 Nf6 2.c4 g6 3.Nc3 Bg7 4.e4 d6 5.Nf3 O-O 6.Be2 Nbd7 7.O-O e5 8.Be3 Re8
9.d5 Nh5 10.g3 Bf8 11.Ne1 Ng7 12.Nd3 Be7 13.Qd2 f5 14.f4 Bf6  1/2-1/2

[Event "Najdorf Centenary Open"]
[Site "Buenos Aires ARG"]
[Date "2010.04.07"]
[Round "1"]
[White "Cereminati,R"]
[Black "Gimenez,S"]
[Result "0-1"]
[WhiteElo "1843"]
[BlackElo "2204"]

1.d4 Nf6 2.c4 g6 3.Nc3 Bg7 4.e4 d6 5.Nf3 O-O 6.Be2 e5 7.d5 a5 8.O-O Na6 9.Bg5 h6
10.Bd2 Nh5 11.Qc1 Kh7 12.Ne1 Qh4 13.Nf3 Qe7 14.Ne1 Nf6 15.Nd3 Nd7 16.Na4 f5
17.f3 b6 18.Nc3 Nf6 19.Nf2 f4 20.a3 Nc5 21.Bd1 a4 22.Bc2 g5 23.Qd1 h5 24.Nxa4 Nxa4
25.Bxa4 g4 26.Bc2 Kh8 27.Qe2 g3 28.hxg3 fxg3 29.Nh3 Nh7 30.Qe3 Qh4 31.Qe2 Rf4
32.Rad1 Bh6 33.Be1 Bxh3 34.gxh3 Ng5 35.Kg2 Qxh3+ 36.Kg1 Qh4 37.Bxg3 Qxg3+  0-1

[Event "Open"]
[Site "Thessaloniki GRE"]
[Date "2010.04.07"]
[Round "4"]
[White "Ballas,K"]
[Black "Erofeev,A"]
[Result "1/2-1/2"]
[WhiteElo "1913"]
[BlackElo "2263"]

1.d4 Nf6 2.c4 g6 3.Nc3 Bg7 4.e4 d6 5.Nf3 O-O 6.Be2 e5 7.Be3 Nbd7 8.O-O Re8
9.dxe5 dxe5 10.h3 c6 11.Nd2 Qe7 12.a3 Nc5 13.b4 Ne6 14.c5 Rd8 15.Qb1 Nd4
16.Bd3 Nh5 17.Bxd4 exd4 18.Ne2 Bxh3 19.gxh3 Qg5+ 20.Ng3 Nxg3 21.fxg3 Qxg3+
22.Kh1 Qxh3+ 23.Kg1 Bh6 24.Nc4 b5 25.cxb6 axb6 26.Ra2 b5 27.Rh2 Qg3+ 28.Rg2 Be3+
29.Kh1 Qh4+ 30.Rh2 Qe7 31.Nxe3 dxe3 32.Qb3 Ra7 33.Bb1 Qg5 34.Rg2 Qh5+ 35.Kg1 e2
36.Re1 Rd1 37.Rxe2 Qg5+ 38.Kf1 Rxe1+ 39.Rxe1 Qf4+ 40.Kg1 Rd7 41.Rf1 Qg4+
42.Kh1 Qh4+  1/2-1/2

[Event "IV Open"]
[Site "La Laguna ESP"]
[Date "2010.04.08"]
[Round "5"]
[White "Barlov,D"]
[Black "Cruz Veloz,M"]
[Result "1-0"]
[WhiteElo "2487"]
[BlackElo "1888"]

1.c4 Nf6 2.Nf3 d6 3.d4 Nbd7 4.Nc3 e5 5.e4 g6 6.Be2 Bg7 7.O-O O-O 8.Re1 exd4
9.Nxd4 Nc5 10.f3 a5 11.Be3 Re8 12.Qd2 Nh5 13.Rad1 Qh4 14.Bf2 Qf4 15.Nd5 Qxd2
16.Rxd2 Na6 17.Nb5  1-0

[Event "IV Open"]
[Site "La Laguna ESP"]
[Date "2010.04.08"]
[Round "5"]
[White "Villavicencio Martinez,C"]
[Black "Alvarado Diaz,A"]
[Result "1/2-1/2"]
[WhiteElo "2119"]
[BlackElo "1935"]

1.Nf3 Nf6 2.c4 g6 3.Nc3 Bg7 4.e4 d6 5.d4 O-O 6.Be2 Nbd7 7.O-O e5 8.Re1 Re8
9.d5 Nc5 10.Bf1 a5 11.Rb1 Nh5 12.h3 f5 13.Be3 b6 14.Bxc5 bxc5 15.exf5 Bxf5
16.Ne4 Rf8 17.g3 Nf6 18.Nfd2 Qd7 19.g4 Bxe4 20.Nxe4  1/2-1/2

[Event "Sydney Int Open"]
[Site "Parramatta AUS"]
[Date "2010.04.09"]
[Round "5"]
[White "Goundar,S"]
[Black "Milligan,H"]
[Result "0-1"]
[WhiteElo "1929"]
[BlackElo "2016"]

1.d4 Nf6 2.c4 g6 3.Nc3 Bg7 4.e4 d6 5.Nf3 O-O 6.Be2 Nbd7 7.O-O e5 8.d5 Nc5
9.Nd2 a5 10.b3 Ne8 11.Rb1 f5 12.f3 Nf6 13.g4 Bh6 14.gxf5 Be3+ 15.Kh1 Nh5
16.Rg1 Kh8 17.fxg6 Bxg1 18.Qxg1 Rg8 19.Qf2 Rxg6 20.Nf1 Bh3 21.Ne3 Qf6 22.Bf1 Bxf1
23.Qxf1 Rag8 24.Nf5 Nd3 25.Be3 Nhf4 26.Ne2 Nxe2 27.Qxe2 Nf4 28.Bxf4 exf4
29.Qd2 Qe5 30.Qxa5 Qb2  0-1

[Event "Open"]
[Site "Thessaloniki GRE"]
[Date "2010.04.09"]
[Round "7"]
[White "Pavlidou,E"]
[Black "Georgiev,Kr"]
[Result "0-1"]
[WhiteElo "2135"]
[BlackElo "2430"]

1.d4 g6 2.c4 Bg7 3.Nf3 d6 4.e4 Nf6 5.Nc3 O-O 6.Be2 e5 7.Be3 Ng4 8.Bg5 f6
9.Bh4 Nc6 10.dxe5 dxe5 11.Qxd8 Nxd8 12.h3 Nh6 13.Nd5 Ne6 14.O-O-O Kh8 15.Rhe1 Ng8
16.g4 c6 17.Nc3 Nf4 18.Bf1 h5 19.gxh5 g5 20.Bg3 Nxh3 21.Bg2 Ne7 22.Rh1 Bh6
23.Kb1 g4 24.Bxh3 gxh3 25.Ng1 Be6 26.Rd6 Bxc4 27.Nxh3 Rad8 28.Rxd8 Rxd8 29.Bh4 Kg7
30.Ka1 Kf7 31.f4 exf4 32.e5 Rg8 33.Bxf6 Nd5 34.Bg5 Bxg5 35.Nxg5+ Rxg5 36.Ne4 Rxe5
37.Nd6+ Kg7 38.Nxc4 Re6 39.b3 Kh6 40.Rh2 Ne3 41.Nd2 Re5 42.Rh4 Nd5 43.Nf3 Rxh5  0-1

[Event "IV Open"]
[Site "La Laguna ESP"]
[Date "2010.04.10"]
[Round "8"]
[White "Strikovic,A"]
[Black "Cabrera Trujillo,J"]
[Result "1-0"]
[WhiteElo "2544"]
[BlackElo "2370"]

1.c4 Nf6 2.Nc3 g6 3.e4 d6 4.d4 Bg7 5.Nf3 O-O 6.Be2 e5 7.d5 Na6 8.Bg5 h6 9.Bh4 g5
10.Bg3 Nxe4 11.Nxe4 f5 12.Nc3 f4 13.Ne4 Bf5 14.Bd3 Qd7 15.Nfd2 c6 16.O-O Nb4
17.Qb3 Nxd3 18.Qxd3 fxg3 19.hxg3 c5 20.a3 g4 21.b4 b6 22.bxc5 bxc5 23.Rab1 h5
24.Rb5 Rab8 25.Qe3 Kh7 26.Rxb8 Rxb8 27.f3 Qe7 28.fxg4 Bxg4 29.Rf7 Qxf7 30.Ng5+ Kg8
31.Nxf7 Kxf7 32.Ne4 Rd8 33.Qb3 Rd7 34.Qb8 Bf8 35.Ng5+ Kg6 36.Ne6  1-0

[Event "XXVIII Open A"]
[Site "Metz FRA"]
[Date "2010.04.11"]
[Round "3"]
[White "Brodsky,M"]
[Black "Spirin,O"]
[Result "1/2-1/2"]
[WhiteElo "2527"]
[BlackElo "2449"]

1.d4 Nf6 2.c4 g6 3.Nc3 Bg7 4.e4 d6 5.Be2 O-O 6.Nf3 e5 7.Be3 Ng4 8.Bg5 f6
9.Bh4 g5 10.Bg3 Nh6 11.dxe5 dxe5 12.Qd5+ Kh8 13.Qxd8 Rxd8 14.h4 g4 15.Nd2 Na6
16.O-O-O c6 17.Nb3 Re8 18.f4 gxf3 19.gxf3 Nf7 20.Kb1 Bh6 21.Bf2 Nc7 22.c5 Ne6
23.Bc4 Kg7 24.Ne2 Kf8 25.Ng3 Ng7 26.Na5 Bf4 27.Ne2 Bh6 28.b4 Rb8 29.Bb3 Be6
30.Bxe6 Rxe6 31.Kc2 f5 32.Ng3 f4 33.Ne2 Ke8 34.Rhg1 Rg6 35.Nc1 Ne6 36.Nd3 Bf8
37.Nc4 Bg7 38.Rxg6 hxg6 39.Rg1 Nf8 40.Be1 g5 41.Bc3 Ng6 42.h5 Nh4 43.Rf1 Ng2
44.Kd2 Rd8 45.Ke2 Ne3 46.Nxe3 fxe3 47.Kxe3 Ke7 48.Nf2 Rh8 49.Rh1 Ke6 50.Ke2 Bf8
51.Ng4 Be7 52.a4 Bf8 53.Ne3 Be7 54.Nf5 Bf8 55.Bd2 Rh7 56.Be3 Kf6 57.b5 Nd8
58.Kd3 cxb5 59.axb5 Ne6 60.Kc4 Bxc5 61.Bxc5 Rc7 62.h6 Rxc5+ 63.Kb4 Rc8 64.h7 Rh8
65.Rh6+ Kf7 66.Nd6+ Ke7 67.Nxb7 Nf8 68.Ka5 Rxh7 69.Rxh7+ Nxh7 70.Ka6 Nf6
71.Kxa7 g4 72.fxg4 Nxe4 73.b6 Kf6 74.Ka8 Kg6 75.Kb8 Kg5 76.Kc7 Nc3  1/2-1/2

[Event "XXVIII Open A"]
[Site "Metz FRA"]
[Date "2010.04.14"]
[Round "7"]
[White "Brodsky,M"]
[Black "Spraggett,K"]
[Result "1/2-1/2"]
[WhiteElo "2527"]
[BlackElo "2580"]

1.d4 Nf6 2.c4 g6 3.Nc3 Bg7 4.e4 d6 5.Be2 O-O 6.Nf3 Na6 7.O-O e5 8.Re1 c6
9.Be3 exd4 10.Bxd4 Re8 11.Nd2 Nc5 12.Bf1 a5 13.h3 b6 14.Qc2 Ra7 15.Rad1 Rae7
16.f3 Qc7 17.Bf2 Nh5 18.Nb3 Be5 19.Qd2 Ng3 20.Nd4 f5 21.exf5 Nxf5 22.Nde2 Bg7
23.Ng3 Bh6 24.Rxe7 Rxe7 25.f4 Ng7 26.Nge2 Ne8 27.g3 Be6 28.b3 Qc8 29.Kh2 Bg7
30.Bg2 Bd7 31.Bd4 Nf6 32.Bxf6 Bxf6 33.Qxd6 Re6 34.Qd2 Qe8 35.Ng1 Re3 36.Na4 Rd3
37.Qc2 Rxd1 38.Qxd1 Nxa4 39.bxa4 Qe7 40.Nf3 Be8 41.Qb3 Qc5 42.Nd2 Kg7 43.Ne4 Qd4
44.c5 bxc5 45.Qb7+ Bf7 46.Qxc6 Be7 47.Qc7 Bd8 48.Qa7 Kg8 49.Nxc5 Bxa2 50.Qb8 Kg7
51.Qb7+ Kg8 52.Qc6 Kg7 53.h4 Be7 54.Ne4 Bf7 55.Qb5 Bb4 56.Ng5 Bg8 57.Nf3 Qc5
58.Qd7+ Qe7 59.Qd4+ Kf8 60.Ne5 Qd6 61.Qa7 Qe7 62.Qd4 Qd6 63.Nd7+ Ke8 64.Nf6+ Kf8
65.Qb2 h6 66.Ng4 h5 67.Ne5 Bf7 68.Qc2 Be8 69.Qc8 Ke7 70.Qb7+ Kf6 71.Qc8 Qe6
72.Qd8+ Kg7 73.Qd4 Qf6 74.Bc6 Bf7 75.Bb5 Qd6 76.Qa7 Qe7 77.Qf2 Qc5 78.Qe2 Qe7
79.Bc4 Be8 80.Qd1 Qd6 81.Qc2 Qd2+ 82.Qxd2 Bxd2 83.Bb3 Kf6 84.Kg2 Bc3 85.Nf3  1/2-1/2

[Event "TCh-ISR"]
[Site "Israel ISR"]
[Date "2010.04.16"]
[Round "5"]
[White "Zilberman,Y"]
[Black "Klenburg,M"]
[Result "1-0"]
[WhiteElo "2439"]
[BlackElo "2438"]

1.d4 d6 2.Nf3 Nf6 3.c4 g6 4.Nc3 Bg7 5.e4 O-O 6.Be2 e5 7.d5 a5 8.Bg5 h6 9.Bh4 Na6
10.Nd2 Qe8 11.a3 Bd7 12.b3 Nh7 13.Rb1 h5 14.f3 Bh6 15.Bf2 Qe7 16.h4 c5 17.Bd3 f5
18.Qe2 Nf6 19.Rb2 Rf7 20.Nf1 f4 21.Nb5 Ne8 22.Kd1 Nec7 23.Qe1 b6 24.Nd2 Kh8
25.Nb1 Rh7 26.N1c3 Be8 27.Kc1 Qd8 28.Kb1 Rf7 29.Qf1 Bf8 30.Be1 Be7 31.Rc2 Bd7
32.g3 Qf8 33.Rg2 Be8 34.Bd2 fxg3 35.Rxg3 Rf4 36.Bxf4 exf4 37.Rg2 Bf6 38.Na4 Nxb5
39.cxb5 Nc7 40.Ka2 Rb8 41.Nb2 Qe7 42.Rgh2 Bf7 43.Qc1 Be5 44.Nc4 Ne8 45.Rg2 Nf6
46.Rg5 Nd7 47.Rhg1 Qf6 48.R1g2 Kh7 49.Bf1 Rf8 50.Rc2 Bd4 51.Bh3 Be8 52.Bxd7 Bxd7
53.a4 Rb8 54.Rcg2 Be8 55.Qc2 Kh6 56.e5 dxe5 57.Qe4 Bf7 58.Nxe5 Bxe5 59.Qxe5 Qxe5
60.Rxe5 Rd8 61.Rd2 Rd6 62.Kb2 Kg7 63.Kc3 Kf6 64.Re4 Kf5 65.Rg2 Bxd5 66.Rg5+ Kf6
67.Rxf4+ Kg7 68.Re5 Be6 69.Rg5 Bd7 70.Rg2 Be6 71.Re4 Kf6 72.Ree2 Bf5 73.Rd2 Re6
74.Kc4 Re3 75.Kd5 Rxf3 76.Kc6 Rxb3 77.Kxb6 c4 78.Kxa5 c3 79.Rde2 Bd3 80.Rgf2+ Kg7
81.Re7+ Kg8 82.Rc7 g5 83.hxg5 h4 84.Rf3  1-0

[Event "TCh-ISR"]
[Site "Israel ISR"]
[Date "2010.04.16"]
[Round "5"]
[White "Rodshtein,M"]
[Black "Kantsler,B"]
[Result "1/2-1/2"]
[WhiteElo "2622"]
[BlackElo "2468"]

1.d4 d6 2.Nf3 g6 3.c4 Bg7 4.Nc3 Nf6 5.e4 O-O 6.Be2 e5 7.O-O exd4 8.Nxd4 Re8
9.f3 Nc6 10.Be3 Nh5 11.Qd2 Nf4 12.Rf2 Nxe2+ 13.Rxe2 Be6 14.b3 Qf6 15.Rd1 Nxd4
16.Bxd4 Qxd4+ 17.Qxd4 Bxd4+ 18.Rxd4 Re7 19.Kf2 Kg7 20.Rc2 Rae8 21.b4 f5 22.exf5 Bxf5
23.Rb2 b6 24.h4 Be6 25.a4 Bc8 26.Nb5 a6 27.Nc3 Bb7 28.c5 Rc8 29.cxb6 cxb6
30.Nd1 Re6 31.Rbd2 Rd8 32.Rc2 Rd7 33.Ne3 b5 34.axb5 axb5 35.Ra2 Kf7 36.Ra5 Bc6
37.Ra6 Rc7 38.Rd3 Ke7 39.Rc3 Kd7 40.Rb6 Bxf3 41.Rxc7+ Kxc7 42.Rxb5 Bc6 43.Rg5 h6
44.Rg4 Be4 45.Rf4 h5 46.g4  1/2-1/2

[Event "9th Open"]
[Site "Malakoff FRA"]
[Date "2010.04.17"]
[Round "1"]
[White "Guichard,P"]
[Black "Diamant,A"]
[Result "0-1"]
[WhiteElo "2300"]
[BlackElo "2486"]

1.d4 Nf6 2.c4 g6 3.Nc3 Bg7 4.e4 d6 5.Be2 O-O 6.Nf3 Na6 7.O-O e5 8.Be3 Qe8
9.Re1 exd4 10.Bxd4 Qe7 11.Bf1 Bg4 12.h3 Bxf3 13.Qxf3 c5 14.Nd5 Nxd5 15.exd5 Qd8
16.Bxg7 Kxg7 17.Qc3+ Kg8 18.Re4 f5 19.Re3 Qd7 20.Rae1 Rae8 21.Rxe8 Rxe8 22.Rxe8+ Qxe8
23.Qf6 Qd7 24.h4 Nc7 25.h5 Ne8 26.Qg5 Kf7 27.g4 Nf6 28.f3 Kg7 29.Bh3 fxg4
30.Bxg4 Qa4 31.h6+ Kf7 32.Qe3 Qe8 33.Be6+ Ke7 34.Qa3 Qb8 35.f4 b6 36.Qg3 Qf8
37.Qh4 Ke8 38.f5 Ng8 39.Bxg8 Qxg8 40.f6 Kf7 41.Qg4 Qe8 42.Kf2 Kxf6 43.Qf4+ Ke7
44.Qg5+ Kf8 45.Kg1 Qe1+ 46.Kg2 Qe2+ 47.Kg3 Qd3+ 48.Kg2 Qe4+ 49.Kg3 Kf7 50.Qd8 Qe5+
51.Kg4 Qe4+ 52.Kg3 Qe7 53.Qb8 g5 54.Kg4 Kg6 55.Qg8+ Kxh6 56.b3 Qe4+ 57.Kg3 Qf4+
58.Kg2 Qe5 59.Qf8+ Kg6 60.Qg8+ Kf5 61.Qxh7+ Kf4 62.Qf7+ Qf5 63.Qe6 Qe4+ 64.Kh2 Qc2+
65.Kh3 Qd3+ 66.Kg2 Qg3+ 67.Kf1 Qf3+ 68.Kg1 Qe3+ 69.Kg2 Qe4+ 70.Kh2 Qe5 71.Kh3  0-1

[Event "ch-SRB"]
[Site "Kragujevac SRB"]
[Date "2010.04.20"]
[Round "3"]
[White "Sedlak,N"]
[Black "Saric,S"]
[Result "1-0"]
[WhiteElo "2570"]
[BlackElo "2444"]

1.d4 Nf6 2.c4 g6 3.Nc3 Bg7 4.e4 d6 5.Nf3 O-O 6.Be2 e5 7.O-O Nh5 8.g3 Bh3
9.Re1 exd4 10.Nxd4 Nf6 11.Bg5 h6 12.Be3 Nbd7 13.Qd2 Kh7 14.f3 Ne5 15.Nd1 a6
16.Nf2 Bd7 17.Rac1 Re8 18.b4 Qe7 19.Kg2 Rad8 20.h3 c5 21.Nb3 b6 22.bxc5 dxc5
23.Qc2 Bc6 24.Rcd1 Qe6 25.Nd2 Bb7 26.f4 Nc6 27.Bf3 Nd7 28.Nb3 Nf8 29.Qe2 Qc8
30.h4 Ne6 31.e5 f6 32.Rxd8 Qxd8 33.h5 fxe5 34.hxg6+ Kh8 35.f5 e4 36.Bxe4 Ncd4
37.Qh5 Bxe4+ 38.Nxe4 Qa8 39.Bxh6 Kg8 40.Bxg7 Nxg7 41.Qh7+ Kf8 42.Qh8+ Ke7
43.Qxg7+ Kd8 44.Qf6+ Kc8 45.Nxd4 Rxe4 46.Qc6+  1-0

[Event "TCh-SUI 2010"]
[Site "Switzerland SUI"]
[Date "2010.04.25"]
[Round "3.2"]
[White "Prusikin,M"]
[Black "Gallagher,Jo"]
[Result "1-0"]
[WhiteElo "2542"]
[BlackElo "2486"]

1.d4 Nf6 2.c4 g6 3.Nc3 Bg7 4.e4 d6 5.Nf3 O-O 6.Be2 e5 7.Be3 Ng4 8.Bg5 f6
9.Bh4 Nc6 10.d5 Ne7 11.Nd2 Nh6 12.f3 c5 13.dxc6 bxc6 14.b4 Kh8 15.Bf2 Nf7
16.b5 c5 17.h4 Bh6 18.a4 Qd7 19.Nb3 Nd8 20.h5 Kg7 21.hxg6 hxg6 22.Rxh6 Kxh6
23.Qd2+ Kg7 24.O-O-O Nb7 25.Nxc5 Nxc5 26.Bxc5 dxc5 27.Qxd7 Bxd7 28.Rxd7 Rf7
29.Rc7 Nc8 30.Rxc5 Nd6 31.Rc6 Nb7 32.Kc2 f5 33.Re6 Rc8 34.Rxe5 Nc5 35.a5 Kf6
36.Rd5 Ke6 37.f4 Rd7 38.Re5+ Kd6 39.exf5 gxf5 40.Rxf5 Rg7 41.Rf6+ Kd7 42.Bf3 Ne6
43.Bc6+ Ke7 44.Nd5+ Kd6 45.f5 Kc5 46.fxe6 Rxg2+ 47.Kd3  1-0

[Event "7th Balagne Open"]
[Site "Calvi FRA"]
[Date "2010.04.26"]
[Round "2"]
[White "Laplanche,D"]
[Black "Abbasov,F"]
[Result "0-1"]
[WhiteElo "2142"]
[BlackElo "2549"]

1.d4 Nf6 2.c4 g6 3.Nc3 Bg7 4.e4 d6 5.Nf3 O-O 6.Be2 e5 7.dxe5 dxe5 8.Qxd8 Rxd8
9.Bg5 Nbd7 10.Rd1 Rf8 11.O-O h6 12.Bc1 c6 13.b4 Re8 14.Nd2 Bf8 15.c5 b6 16.b5 Nxc5
17.bxc6 Be6 18.Nc4 Nfxe4 19.Nb5 a6 20.Nbd6 Nc3 21.Rfe1 Nxd1 22.Nxe8 Rxe8
23.Rxd1 Rc8 24.Nxe5 Bg7 25.Bf4 g5 26.Bg3 f5 27.Ng6 Kf7 28.Bh5 Ne4 29.Ne5+ Kf6
30.Nd7+ Ke7 31.Be5 Bxe5 32.Nxe5 Bxa2 33.f4 gxf4 34.Nf3 Rxc6 35.Nd4 Rc5 36.Bg6 Kf6
37.Be8 Rd5 38.Bc6 Rd6 39.Bb7 b5 40.h4 b4  0-1

[Event "ch-SRB"]
[Site "Kragujevac SRB"]
[Date "2010.04.27"]
[Round "9"]
[White "Damljanovic,B"]
[Black "Pavlovic,Milos"]
[Result "1-0"]
[WhiteElo "2550"]
[BlackElo "2540"]

1.c4 Nf6 2.d4 g6 3.Nc3 Bg7 4.e4 d6 5.Nf3 O-O 6.Be2 e5 7.Be3 c6 8.d5 Ng4 9.Bg5 f6
10.Bh4 c5 11.Nd2 Nh6 12.f3 Nd7 13.Bd3 g5 14.Bf2 f5 15.exf5 Nxf5 16.Bxf5 Rxf5
17.Nde4 Nf6 18.g4 Nxe4 19.Nxe4 Qa5+ 20.Kf1 Rf4 21.h3 Bd7 22.Kg2 Raf8 23.Rf1 Rxf3
24.Nxg5 e4 25.Qe2 Qd8 26.Nxe4 h5 27.Bh4 Rxf1 28.Bxd8 Rxa1 29.Bg5 hxg4 30.hxg4 Rxa2
31.Bc1 a5 32.Ng5 Re8 33.Qc2 Bxg4 34.Qh7+ Kf8 35.Qg6 Re7 36.Nh7+ Kg8 37.Nf6+ Kf8
38.Nxg4  1-0

[Event "Heroes Day Cup Masters"]
[Site "Bridgetown BAR"]
[Date "2010.04.29"]
[Round "3"]
[White "Warner,De"]
[Black "Hammar,B"]
[Result "1-0"]
[WhiteElo "2216"]
[BlackElo "2264"]

1.d4 Nf6 2.c4 d6 3.Nc3 e5 4.Nf3 Nbd7 5.e4 g6 6.Be2 Bg7 7.O-O O-O 8.Be3 c6
9.d5 c5 10.Ne1 Ne8 11.g4 Bf6 12.Qd2 Ng7 13.Kh1 Be7 14.Rg1 Kh8 15.Nf3 Nf6
16.h3 Ng8 17.Bh6 Nxh6 18.Qxh6 Bd7 19.h4 f6 20.Rg2 Rf7 21.Rag1 a6 22.a4 Qb6
23.Qd2 Raf8 24.Ne1 Qd8 25.f4 exf4 26.Qxf4 Ne8 27.Nf3 Qb6 28.Bd3 Qb4 29.Qh6 Rg7
30.g5 fxg5 31.Nxg5 Bxg5 32.Qxg5 Rf3 33.Rf1 Rxf1+ 34.Bxf1 Rf7 35.Bd3 Bh3 36.Rd2 Nf6
37.Rf2 Kg7 38.e5 dxe5 39.Qxe5 Qb6 40.d6 Bd7 41.h5 Bc6+ 42.Be4 Qd8 43.Bxc6 bxc6
44.Ne4 h6 45.Nxf6 Rxf6  1-0

[Event "Heroes Day Cup Masters"]
[Site "Bridgetown BAR"]
[Date "2010.04.29"]
[Round "4"]
[White "Hammar,B"]
[Black "Zapata,Alo"]
[Result "1/2-1/2"]
[WhiteElo "2264"]
[BlackElo "2523"]

1.d4 Nf6 2.c4 g6 3.Nc3 Bg7 4.e4 O-O 5.Nf3 d6 6.Be2 Na6 7.O-O e5 8.Re1 c6
9.Rb1 exd4 10.Nxd4 Re8 11.Bf1 Ng4 12.Nf3 Qb6 13.Qc2 Nb4 14.Qe2 d5 15.h3 Ne5
16.Nxe5 Bxe5 17.cxd5 Bd4 18.Qd2 cxd5 19.a3 Nc6 20.Nxd5 Qd8 21.Bb5 Bg7 22.b4 Bf5
23.exf5 Rxe1+ 24.Qxe1 Qxd5 25.Bxc6 Qxc6 26.fxg6 hxg6 27.Be3 Qa4 28.Qc1 Re8
29.g3 b6 30.h4 Rd8 31.Kh2 Rd3 32.Qc8+ Kh7 33.Qc4 Qd7 34.a4 Rc3 35.Qf4 Qxa4
36.h5 Qd7 37.hxg6+ fxg6 38.b5 Rd3 39.Qh4+ Kg8 40.Qc4+ Qd5 41.Qc8+ Bf8 42.Rc1 Qh5+
43.Kg2 Qd5+ 44.Kh2 Rb3 45.Qe8 Qf5 46.Rc6 Qh5+ 47.Kg2 Qd5+ 48.Kh2 Qh5+ 49.Kg2  1/2-1/2

[Event "7th Balagne Open"]
[Site "Calvi FRA"]
[Date "2010.04.29"]
[Round "7"]
[White "Abbasov,F"]
[Black "Libiszewski,F"]
[Result "1/2-1/2"]
[WhiteElo "2549"]
[BlackElo "2495"]

1.d4 Nf6 2.c4 g6 3.Nc3 Bg7 4.e4 d6 5.Nf3 O-O 6.Be2 e5 7.O-O Na6 8.Re1 Qe8
9.Bf1 Bg4 10.d5 Nb4 11.Be2 a5 12.h3 Bd7 13.Be3 Na6 14.Nd2 Kh8 15.b3 Ng8 16.f3 f5
17.a3 Bh6 18.Bf2 Nf6 19.Rb1 Nc5 20.Bf1 fxe4 21.Bxc5 Bxd2 22.Qxd2 dxc5 23.Nxe4 Nxe4
24.fxe4 Qe7 25.b4 axb4 26.axb4 Rf6 27.bxc5 Qxc5+ 28.Qe3 Qxe3+ 29.Rxe3 b6
30.Rc3 Ra5 31.c5 bxc5 32.Be2 Rb6 33.Rbc1 Rb4 34.Bf3 Rbb5 35.Be2 Rb4 36.Rxc5 Rxc5
37.Rxc5 Rxe4 38.Bc4 Rd4 39.Rxc7 Bf5 40.Rc5 h5 41.Kf2 Kg7 42.Ke3 Kf6 43.Be2 Be4
44.Bf3 Bxf3 45.Kxf3 Kf5 46.Ke3 h4 47.Ra5 Rd1 48.Ke2 Rd4 49.Ke3 Rd1 50.Ke2  1/2-1/2

[Event "9th Asian Continental"]
[Site "Olongapo City PHI"]
[Date "2010.04.29"]
[Round "9"]
[White "Neelotpal,D"]
[Black "Segarra,R"]
[Result "1/2-1/2"]
[WhiteElo "2445"]
[BlackElo "2298"]

1.d4 Nf6 2.c4 g6 3.Nc3 Bg7 4.e4 d6 5.Nf3 O-O 6.Be2 Na6 7.O-O e5 8.Be3 exd4
9.Nxd4 Nc5 10.f3 a5 11.Qd2 Bd7 12.Ndb5 b6 13.Rfd1 Bxb5 14.Nxb5 Nfd7 15.Bg5 Bf6
16.Bh6 Bg7 17.Bxg7 Kxg7 18.Qd4+ Kg8 19.Nc3 Ne6 20.Qe3 g5 21.g3 Qf6 22.Rd2 Rae8
23.Nd5 Qg7 24.Qc3 Qxc3 25.Nxc3 f5 26.exf5 Rxf5 27.Rf1 Ne5 28.Kg2 Ref8 29.b3 Kg7
30.Nd5 R5f7 31.Rdd1 Rf5  1/2-1/2

[Event "ch-SRB"]
[Site "Kragujevac SRB"]
[Date "2010.04.30"]
[Round "12"]
[White "Pavlovic,Milos"]
[Black "Saric,S"]
[Result "1-0"]
[WhiteElo "2540"]
[BlackElo "2444"]

1.Nf3 Nf6 2.c4 g6 3.Nc3 Bg7 4.d4 d6 5.e4 O-O 6.Be2 Na6 7.O-O e5 8.Be3 Ng4
9.Bg5 Qe8 10.Re1 exd4 11.Nxd4 Qe5 12.Nf3 Qc5 13.Bh4 f5 14.h3 Nf6 15.exf5 Bxf5
16.Bxf6 Bxf6 17.Qd2 Rae8 18.Nd5 c6 19.Nxf6+ Rxf6 20.a3 Ref8 21.b4 Qb6 22.c5 Qd8
23.cxd6 Qxd6 24.Bc4+ Kh8 25.Qc3 h5 26.Ng5 Kg7 27.Rad1 Qc7 28.Re2 b5 29.Rde1 Qf4
30.Re7+ Kh6 31.Nf7+ R6xf7 32.Rxf7 Rxf7 33.Bxf7 Bxh3 34.Qxh3 Qxf7 35.Qe3+ Kg7
36.Qg5 Qf5 37.Re7+ Kf8 38.Qxf5+  1-0

[Event "FSIMB May"]
[Site "Budapest HUN"]
[Date "2010.05.01"]
[Round "1"]
[White "Iwamoto,T"]
[Black "Farago,S"]
[Result "0-1"]
[WhiteElo "2268"]
[BlackElo "2268"]

1.Nf3 Nf6 2.c4 g6 3.Nc3 Bg7 4.e4 d6 5.d4 O-O 6.Be2 e5 7.Be3 Nc6 8.d5 Ne7
9.Nd2 c5 10.g4 h6 11.h4 Nh7 12.Qc2 f5 13.gxf5 gxf5 14.exf5 Bxf5 15.Bd3 a6
16.O-O-O b5 17.Nce4 Kh8 18.Rdg1 bxc4 19.Qxc4 Rb8 20.a3 Qb6 21.b3 Qa5 22.Kc2 Rb6
23.Ra1 Bd7 24.Qc3 Qxc3+ 25.Nxc3 Nf5 26.Raf1 Nf6 27.Nc4 Rbb8 28.Ne4 Nxd5 29.Nexd6 Nd4+
30.Bxd4 cxd4 31.Rhg1 Bh3 32.Be4 Bxf1 33.Bxd5 Rxf2+ 34.Nd2 Bh3 35.Kd1 Rbf8
36.Rg3 Bd7 37.N2e4 R2f4 38.h5 Bg4+ 39.Kd2 Bxh5 40.Bc4 a5 41.b4 axb4 42.axb4 Rg4
43.b5 Rxg3 44.Nxg3 Bg6 45.Bd5 Rf2+ 46.Ke1 Rb2 47.Bc6 h5 48.Nc4 Rb1+ 49.Kf2 h4
50.Nf1 Rxf1+ 51.Kxf1 Bd3+ 52.Kg2 Bxc4 53.b6 Bf8 54.b7 Bd6 55.Kh3 Be2 56.Kxh4 d3
57.Bb5 e4 58.Kg5 Bf3 59.Kf5 d2 60.Ba4 e3  0-1

[Event "ch-CZE"]
[Site "Ostrava CZE"]
[Date "2010.05.01"]
[Round "1"]
[White "Kozak,Mi"]
[Black "Mudrak,J"]
[Result "1/2-1/2"]
[WhiteElo "2184"]
[BlackElo "2368"]

1.d4 Nf6 2.c4 g6 3.Nc3 Bg7 4.e4 d6 5.Nf3 O-O 6.Be2 e5 7.Be3 exd4 8.Nxd4 Re8
9.f3 c6 10.Bf2 Nh5 11.Qd2 Na6 12.O-O  1/2-1/2

[Event "2nd Milko Bobotsov Mem"]
[Site "Sofia BUL"]
[Date "2010.05.02"]
[Round "4"]
[White "Bratanov,Z"]
[Black "Radulov,I"]
[Result "1-0"]
[WhiteElo "2478"]
[BlackElo "2292"]

1.d4 d6 2.e4 g6 3.Nf3 Bg7 4.Be2 Nd7 5.c4 e5 6.Nc3 Ngf6 7.O-O O-O 8.Re1 c6
9.Rb1 Re8 10.d5 c5 11.a3 b6 12.Bf1 a5 13.Nb5 Bf8 14.g3 Be7 15.Bh3 Nb8 16.Bxc8 Qxc8
17.Kg2 Na6 18.Bg5 Qd7 19.h4 Nh5 20.Nh2 f6 21.Be3 Red8 22.Nc3 Nc7 23.b4 axb4
24.axb4 Na6 25.Na4 Rab8 26.b5 Nc7 27.Ra1 Ne8 28.Qg4 Nhg7 29.Qxd7 Rxd7 30.Nc3 f5
31.f3 f4 32.Bf2 fxg3 33.Bxg3 Nh5 34.Ra6 Nf4+ 35.Bxf4 exf4 36.Kh3 Bf6 37.Ne2 Rf7
38.Rg1 Bg7 39.Ng4 Nf6 40.Nxf6+ Bxf6 41.h5 Kg7 42.hxg6 hxg6 43.Nxf4 Rh8+ 44.Kg2 Bd4
45.Ne6+ Kf6 46.Rh1 Rxh1 47.Kxh1 Ke5 48.f4+  1-0

[Event "ch-UKR"]
[Site "Alushta UKR"]
[Date "2010.05.03"]
[Round "1"]
[White "Borsuk,K"]
[Black "Shtembuliak,E"]
[Result "1-0"]
[WhiteElo "2319"]
[BlackElo "2007"]

1.d4 g6 2.c4 Bg7 3.Nf3 Nf6 4.Nc3 O-O 5.e4 d6 6.Be2 Nbd7 7.O-O e5 8.Rb1 exd4
9.Nxd4 Nc5 10.f3 a5 11.Be3 c6 12.Qd2 Nfd7 13.Rfd1 Ne5 14.Nc2 Be6 15.b3 Qh4
16.Bg5 Qh5 17.f4 Bg4 18.Be7 Nxc4 19.bxc4 Bxc3 20.Bxg4 Bxd2 21.Bxh5 Rfe8 22.Bf3 Rxe7
23.Rxd2 Nxe4 24.Re2 Rae8 25.Rbe1 f5 26.Nd4 Kf7 27.Bxe4 Rxe4 28.Rxe4 Rxe4
29.Rxe4 fxe4 30.Kf2 c5 31.Nb5 Ke6 32.Ke3 d5 33.Nc7+ Kd6 34.Nxd5 b5 35.Nf6 b4
36.Nxh7 a4 37.Ng5  1-0

[Event "ch-UKR"]
[Site "Alushta UKR"]
[Date "2010.05.03"]
[Round "1"]
[White "Vypkhanyuk,I"]
[Black "Avetisian,T"]
[Result "1-0"]
[WhiteElo "2276"]
[BlackElo "1959"]

1.Nf3 Nf6 2.c4 g6 3.Nc3 Bg7 4.e4 O-O 5.d4 d6 6.Be2 Nbd7 7.O-O e5 8.Re1 exd4
9.Nxd4 Nc5 10.f3 a5 11.Be3 c6 12.Qd2 Qe7 13.Rad1 Nh5 14.Bf1 Be5 15.g3 a4
16.Nde2 f5 17.f4 Bg7 18.Qxd6 Qxd6 19.Rxd6 Nxe4 20.Nxe4 fxe4 21.Bd4 Re8 22.Bxg7 Nxg7
23.Nc3 Bf5 24.h3 h5 25.g4 hxg4 26.hxg4 Bxg4 27.Nxe4 Rxe4 28.Rxe4 Bf5 29.Re7 Nh5
30.c5 Nxf4 31.Bc4+ Kh8 32.Rd4 g5 33.Rd6 Bg6 34.Rxb7 Rf8 35.Kh2 Re8 36.a3 Rf8
37.Rxc6 Re8 38.Rf6 Rd8 39.Rd6 Re8 40.c6 g4 41.Kg3 Nh5+ 42.Kxg4 Re1 43.Rxg6 Rg1+
44.Kf3 Rxg6 45.Rb8+ Kh7 46.Bd3  1-0

[Event "ch-UKR"]
[Site "Alushta UKR"]
[Date "2010.05.03"]
[Round "1"]
[White "Odnorozhenko,E"]
[Black "Andreev,Vo"]
[Result "1-0"]
[WhiteElo "2309"]
[BlackElo "1999"]

1.d4 Nf6 2.c4 g6 3.Nc3 Bg7 4.e4 d6 5.Nf3 O-O 6.Be2 e5 7.d5 a5 8.Bg5 h6 9.Bh4 Na6
10.Nd2 Bd7 11.O-O Qe8 12.a3 h5 13.f3 Nh7 14.Rb1 Bh6 15.Bf2 Qe7 16.Qc2 Qg5
17.Rfd1 f5 18.exf5 gxf5 19.b4 axb4 20.axb4 b6 21.Qb2 Nb8 22.c5 bxc5 23.bxc5 Na6
24.cxd6 Rfb8 25.Qa2 Rxb1 26.Qxb1 Rb8 27.Qa1 Nb4 28.dxc7 Rc8 29.Qb2 Bf8 30.d6 Nc6
31.Nc4 Nf6 32.Nb6 e4 33.Nxd7 Nxd7 34.fxe4 Qf4 35.Nd5 Qxd6 36.Nb6  1-0